ბათუმის შოთა რუსთაველის სახელმწიფო უნივერსიტეტის ბიბლიოთეკა

ქართული მწერლობა:ოცდაათ ტომად. ტ6 (ბიბ.ჩანაწერი № 56090)

000 -LEADER
fixed length control field 00796nam a2200217Ia 4500
001 - CONTROL NUMBER
control field 23190
003 - CONTROL NUMBER IDENTIFIER
control field GE_BSU
008 - FIXED-LENGTH DATA ELEMENTS--GENERAL INFORMATION
fixed length control field 181216s||||||||xx |||||||||||||| ||und||
040 ## - CATALOGING SOURCE
Transcribing agency GE_BSU
080 ## - UNIVERSAL DECIMAL CLASSIFICATION NUMBER
Universal Decimal Classification number 821.353.1
245 ## - TITLE STATEMENT
Title ქართული მწერლობა:ოცდაათ ტომად. ტ6
245 ## - TITLE STATEMENT
Remainder of title თეიმურაზ პირველი
260 ## - PUBLICATION, DISTRIBUTION, ETC.
Place of publication, distribution, etc. თბილისი
260 ## - PUBLICATION, DISTRIBUTION, ETC.
Name of publisher, distributor, etc. ნაკადული
260 ## - PUBLICATION, DISTRIBUTION, ETC.
Date of publication, distribution, etc. 1989
300 ## - PHYSICAL DESCRIPTION
Extent 577 გვ; 20სმ.
653 ## - INDEX TERM--UNCONTROLLED
Uncontrolled term თეიმურაზ პირველი. არჩილი გაბაასება თეიმურაზისა და რუსთაველისა
653 ## - INDEX TERM--UNCONTROLLED
Uncontrolled term ქართული მწერლობა
942 ## - ADDED ENTRY ELEMENTS (KOHA)
Koha item type წიგნი
ეგზემპლარები
Withdrawn status Lost status Damaged status Not for loan Date acquired Barcode Date last seen Price effective from Koha item type Public note
        2018-12-17 00085 ქსეროქსი 2018-12-17 2018-12-17 წიგნი ქსეროქსი